[Event "Mostoles op 9th"]
[Site "Mostoles"]
[Date "2018.07.24"]
[Round "8"]
[White "Rosa Ramirez, Victor Diego"]
[Black "Fuentes Arjona, Antonio C"]
[Result "1/2-1/2"]
[WhiteElo "1907"]
[BlackElo "1925"]
[PlyCount "212"]
[EventDate "2018.07.17"]
[EventType "swiss"]
[EventRounds "9"]
[EventCountry "ESP"]
[SourceTitle "CBM 186 Extra"]
[Source "ChessBase"]
[SourceDate "2018.08.24"]
[SourceVersion "1"]
[SourceVersionDate "2018.08.24"]
[SourceQuality "1"]

1. e4 c5 2. c3 g6 3. d4 cxd4 4. cxd4 d5 5. e5 Bg7 6. Nc3 Nh6 7. g3 Bd7 8. Bg2 Bc6 9. Nh3 0-0 10. Nf4 e6 11. 0-0 Na6 12. Re1 Nc7 13. Bh3 Re8 14. Bd2 Nf5 15. Bxf5 exf5 16. Nd3 Ne6 17. Ne2 Bb5 18. Bc3 Ng5 19. Kg2 Bc6 20. f3 f6 21. h4 Nxf3 22. Kxf3 fxe5 23. Nb4 f4 24. dxe5 fxg3 25. Kxg3 Rxe5 26. Nf4 d4 27. Nxc6 bxc6 28. Bxd4 Qc7 29. Qb3+ Kh8 30. Bxe5 Bxe5 31. Rxe5 Qxe5 32. Qc3 Qxc3+ 33. bxc3 Re8 34. Kf3 Kg7 35. Rd1 Kf6 36. Rd6+ Kf5 37. Rxc6 Re1 38. Rc5+ Kf6 39. Ra5 Rh1 40. Kg3 Rc1 41. Ra3 Kf5 42. Nd5 Ke5 43. Nb4 Ke4 44. Nc6 a6 45. Nb4 a5 46. Nc6 Rd1 47. c4 Rg1+ 48. Kh2 Rg4 49. Kh3 Rg1 50. Nxa5 Kd4 51. Rb3 Ra1 52. Rb2 Re1 53. Rc2 Re3+ 54. Kg2 Kc5 55. Nb3+ Kc6 56. c5 Re4 57. Kg3 Re3+ 58. Kg2 Re4 59. Kg3 Re3+ 60. Kf4 Rh3 61. Nd4+ Kc7 62. Kg4 Rd3 63. Ne6+ Kc6 64. Nf8 Rd4+ 65. Kg3 h5 66. Kh3 Rg4 67. Ne6 Ra4 68. Nf8 Rg4 69. Rc3 Rg1 70. a3 Rg4 71. a4 g5 72. hxg5 Rxg5 73. Ne6 Rg4 74. a5 Ra4 75. Nd8+ Kc7 76. Ne6+ Kc6 77. Nd8+ Kc7 78. Ne6+ Kc6 79. Nd8+ Kc7 80. Nf7 Rxa5 81. Ne5 Ra4 82. c6 Re4 83. Nc4 Re6 84. Na5 Re5 85. Nb3 Rd5 86. Kh4 Rd6 87. Na5 Rd4+ 88. Kg3 Rd5 89. Nb7 Rb5 90. Rc4 Rb6 91. Na5 Rb5 92. Ra4 Rc5 93. Kf3 Rc3+ 94. Kg2 Kb6 95. Ra2 h4 96. Kh2 Kc7 97. Kg2 Kb6 98. Ra4 h3+ 99. Kh2 Kc7 100. Rb4 Rc5 101. Rb7+ Kc8 102. Ra7 Kb8 103. Ra6 Rc3 104. Kh1 Kc7 105. Kh2 Kb8 106. Kh1 Kc7 1/2-1/2

[Event "Madrid-ch sf"]
[Site "Madrid"]
[Date "2018.05.11"]
[Round "7"]
[White "Nunez Munoz, Jesus"]
[Black "Rosa Ramirez, Victor Diego"]
[Result "1/2-1/2"]
[WhiteElo "2193"]
[BlackElo "1884"]
[PlyCount "132"]
[EventDate "2018.05.05"]
[EventType "swiss"]
[EventRounds "9"]
[EventCountry "ESP"]
[SourceTitle "CBM 184 Extra"]
[Source "ChessBase"]
[SourceDate "2018.06.28"]
[SourceVersion "1"]
[SourceVersionDate "2018.06.28"]
[SourceQuality "1"]

1. e4 e6 2. d4 d5 3. Nd2 dxe4 4. Nxe4 Bd7 5. Nf3 Bc6 6. Bd3 Nd7 7. 0-0 Ngf6 8. Ned2 Be7 9. Nc4 b6 10. Nce5 Nxe5 11. dxe5 Nd7 12. Nd4 Bb7 13. Qh5 Nc5 14. Bb5+ Kf8 15. Rd1 Qd5 16. Nc6 Qe4 17. f3 Qg6 18. Qxg6 hxg6 19. Nxe7 Kxe7 20. b4 a6 21. bxc5 axb5 22. cxb6 cxb6 23. Be3 Bd5 24. Bxb6 Rhc8 25. Rd2 Rxa2 26. Rxa2 Bxa2 27. Kf2 Bc4 28. Ba5 Bd5 29. Ke3 Rc4 30. c3 Rc8 31. h4 Ra8 32. Bb4+ Kd7 33. Kf4 f6 34. Rb2 Bc4 35. Bc5 Ra2 36. Rxa2 Bxa2 37. Bf8 Ke8 38. Bxg7 fxe5+ 39. Bxe5 Kf7 40. Kg5 Bc4 41. Bd4 Be2 42. Kf4 Bd1 43. Be5 Be2 44. Ke3 Bf1 45. Kf2 Bc4 46. Bd4 Bd3 47. Ke3 Bf1 48. g3 Bc4 49. Kf4 Bd5 50. Kg4 Bc4 51. Be5 Be2 52. Kf4 Bc4 53. Ke3 Bd5 54. g4 Bb3 55. Kf2 Bd1 56. Kg3 Bb3 57. Bd4 Bc2 58. Kf4 Bd1 59. Be5 Be2 60. Kg3 Bd1 61. Kf2 Bc2 62. Ke2 Bb3 63. Bd4 Kg8 64. Ke3 Kf7 65. Kf4 Bd1 66. Ke3 Kg8 1/2-1/2

[Event "Madrid-ch sf"]
[Site "Madrid"]
[Date "2018.05.09"]
[Round "5"]
[White "Barragan Arriaza, Pablo"]
[Black "Rosa Ramirez, Victor Diego"]
[Result "0-1"]
[WhiteElo "2030"]
[BlackElo "1884"]
[PlyCount "120"]
[EventDate "2018.05.05"]
[EventType "swiss"]
[EventRounds "9"]
[EventCountry "ESP"]
[SourceTitle "CBM 184 Extra"]
[Source "ChessBase"]
[SourceDate "2018.06.28"]
[SourceVersion "1"]
[SourceVersionDate "2018.06.28"]
[SourceQuality "1"]

1. c4 c5 2. g3 Nc6 3. Bg2 e6 4. Nf3 Nge7 5. 0-0 g6 6. d4 cxd4 7. Nxd4 Bg7 8. Nxc6 bxc6 9. e4 0-0 10. Nc3 Rb8 11. Qc2 Qa5 12. Bd2 Qa6 13. b3 c5 14. Rad1 Nc6 15. Nb5 Nd4 16. Nxd4 cxd4 17. f4 d6 18. Be1 e5 19. Bf2 f6 20. h3 Bb7 21. g4 Bc6 22. f5 g5 23. h4 h6 24. Be1 Qb6 25. hxg5 d3+ 26. Qf2 Qb7 27. Qe3 hxg5 28. Rxd3 Rfd8 29. Bc3 Bf8 30. Rfd1 Qc7 31. Qd2 Qb7 32. Qe3 Qc7 33. R1d2 Bb7 34. Qxa7 d5 35. Rxd5 Rxd5 36. Rxd5 Ra8 37. Ba5 Rxa7 38. Bxc7 Bxd5 39. exd5 Bc5+ 40. Kf1 Rxc7 41. Be4 Bd6 42. Kg1 Kf8 43. Kf2 Ke7 44. Ke3 Kd8 45. Kd3 Rh7 46. Kc3 Rh3+ 47. Kb2 Bb4 48. a3 Rh2+ 49. Bc2 Bc5 50. b4 Bd4+ 51. Kb3 Rh3+ 52. Ka4 Rc3 53. Bb3 e4 54. c5 e3 55. Bd1 Rd3 56. Bf3 Bb2 57. Kb5 Bxa3 58. c6 Rd4 59. Ka6 Bxb4 60. Kb6 Bd6 0-1

[Event "Madrid-ch Previa-A"]
[Site "Madrid"]
[Date "2018.02.12"]
[Round "4"]
[White "Marcos Herrero, Francisco"]
[Black "Rosa Ramirez, Victor Diego"]
[Result "1-0"]
[WhiteElo "1914"]
[BlackElo "1907"]
[PlyCount "53"]
[EventDate "2018.02.05"]
[EventType "swiss"]
[EventRounds "9"]
[EventCountry "ESP"]
[SourceTitle "EXT 2020"]
[Source "ChessBase"]
[SourceDate "2019.10.17"]
[SourceVersion "1"]
[SourceVersionDate "2019.10.17"]
[SourceQuality "1"]

1. c4 c6 2. d4 d5 3. Nf3 e6 4. g3 dxc4 5. Bg2 b5 6. a4 Bb7 7. 0-0 Nd7 8. b3 cxb3 9. Qxb3 a6 10. Nc3 Ngf6 11. Ne5 Qc8 12. Bf4 b4 13. Ne4 Nxe4 14. Bxe4 Nf6 15. Bxc6+ Bxc6 16. Rac1 Qb7 17. Rxc6 Nd5 18. Rfc1 Be7 19. e4 Nxf4 20. gxf4 Bd8 21. Rxe6+ fxe6 22. Qxe6+ Be7 23. Qf7+ Kd8 24. Nc6+ Qxc6 25. Rxc6 Rb8 26. e5 Rb7 27. Qe6 1-0

[Event "Madrid-ch Previa-A"]
[Site "Madrid"]
[Date "2018.02.05"]
[Round "1"]
[White "Rosa Ramirez, Victor Diego"]
[Black "Martinez Miura, Enrique"]
[Result "1-0"]
[WhiteElo "1907"]
[BlackElo "1618"]
[PlyCount "37"]
[EventDate "2018.02.05"]
[EventType "swiss"]
[EventRounds "9"]
[EventCountry "ESP"]
[SourceTitle "EXT 2020"]
[Source "ChessBase"]
[SourceDate "2019.10.17"]
[SourceVersion "1"]
[SourceVersionDate "2019.10.17"]
[SourceQuality "1"]

1. e4 e6 2. d4 d5 3. e5 c5 4. c3 cxd4 5. cxd4 Bb4+ 6. Nc3 Ne7 7. Nf3 0-0 8. Bd3 h6 9. 0-0 Nd7 10. Bd2 Kh8 11. Rc1 f6 12. exf6 Nxf6 13. Nb5 Bd6 14. Nxd6 Qxd6 15. Ne5 Bd7 16. Qe1 Bc6 17. Bb4 Qd8 18. Bxe7 Qxe7 19. Ng6+ 1-0

[Event "Madrid-ch"]
[Site "Madrid"]
[Date "2017.06.08"]
[Round "4"]
[White "Rosa Ramirez, Victor Diego"]
[Black "Iagar, Razvan Gabriel"]
[Result "0-1"]
[WhiteElo "1957"]
[BlackElo "2183"]
[PlyCount "80"]
[EventDate "2017.06.05"]
[EventType "swiss"]
[EventRounds "7"]
[EventCountry "ESP"]
[SourceTitle "CBM 179 Extra"]
[Source "ChessBase"]
[SourceDate "2017.08.23"]
[SourceVersion "1"]
[SourceVersionDate "2017.08.23"]
[SourceQuality "1"]

1. e4 e6 2. d4 d5 3. e5 c5 4. c3 Nc6 5. Nf3 Qb6 6. a3 c4 7. Nbd2 Na5 8. Be2 Bd7 9. Rb1 Qc7 10. 0-0 h6 11. Qc2 Ne7 12. Re1 Nc8 13. g3 Nb6 14. b3 cxb3 15. Nxb3 Ba4 16. Nfd2 Nxb3 17. Nxb3 Rc8 18. Bd2 Nc4 19. Qa2 b6 20. Rec1 Be7 21. Na1 0-0 22. Bxc4 dxc4 23. Nc2 Qc6 24. Re1 Qd5 25. Re3 Bc6 26. f3 Bg5 27. Re4 Bxd2 28. Nb4 Qd7 29. Qxd2 Bxe4 30. fxe4 f6 31. exf6 Rxf6 32. Nc2 Rcf8 33. Ne3 Qc6 34. Ng4 Rf3 35. Ne5 Qxe4 36. Nxf3 Qxb1+ 37. Ne1 Qe4 38. a4 a6 39. Ng2 b5 40. a5 Rf3 0-1

[Event "Madrid-ch"]
[Site "Madrid"]
[Date "2017.06.05"]
[Round "1"]
[White "Longa Yauca, Javier"]
[Black "Rosa Ramirez, Victor Diego"]
[Result "1-0"]
[WhiteElo "2210"]
[BlackElo "1957"]
[PlyCount "62"]
[EventDate "2017.06.05"]
[EventType "swiss"]
[EventRounds "7"]
[EventCountry "ESP"]
[SourceTitle "CBM 179 Extra"]
[Source "ChessBase"]
[SourceDate "2017.08.23"]
[SourceVersion "1"]
[SourceVersionDate "2017.08.23"]
[SourceQuality "1"]

1. d4 e6 2. c4 Nf6 3. Nf3 d5 4. Nc3 c6 5. Bg5 Nbd7 6. e3 Qa5 7. Nd2 Bb4 8. Qc2 Ne4 9. Ndxe4 dxe4 10. Bh4 0-0 11. Be2 f5 12. 0-0 e5 13. d5 Nf6 14. Rfd1 Bd7 15. Rac1 Rac8 16. Qb3 c5 17. f3 Bxc3 18. Rxc3 Qc7 19. a3 h6 20. d6 Qc6 21. Bg3 Rfe8 22. f4 exf4 23. Bxf4 g5 24. Bg3 b6 25. Rc2 Re6 26. Rcd2 Rf8 27. Qc3 Be8 28. d7 Nxd7 29. Rd6 Rxd6 30. Rxd6 Qc8 31. Rxh6 Kf7 1-0

[Event "Madrid San Viator op-A 28th"]
[Site "Madrid"]
[Date "2017.05.21"]
[Round "7"]
[White "Castro Morell, Daniel Eduardo"]
[Black "Rosa Ramirez, Victor Diego"]
[Result "0-1"]
[WhiteElo "1885"]
[BlackElo "1945"]
[PlyCount "94"]
[EventDate "2017.03.26"]
[EventType "swiss"]
[EventRounds "9"]
[EventCountry "ESP"]
[SourceTitle "EXT 2018"]
[Source "ChessBase"]
[SourceDate "2017.10.13"]
[SourceVersion "1"]
[SourceVersionDate "2017.10.13"]
[SourceQuality "1"]

1. e4 e6 2. Nf3 d5 3. exd5 exd5 4. d4 Bd6 5. Bd3 Bg4 6. h3 Bh5 7. 0-0 Ne7 8. Bg5 f6 9. Bh4 Nbc6 10. c3 Qd7 11. Bg3 0-0-0 12. b4 g5 13. Be2 Bg6 14. Bxd6 Qxd6 15. Ne1 h5 16. a4 Nf5 17. b5 Nce7 18. b6 cxb6 19. a5 b5 20. Bxb5 g4 21. a6 b6 22. Bd3 gxh3 23. Na3 hxg2 24. Nxg2 Be8 25. Qf3 Bd7 26. Nb5 Bxb5 27. Bxf5+ Nxf5 28. Qxf5+ Bd7 29. Qf4 Qxf4 30. Nxf4 Rhg8+ 31. Kh2 Rg4 32. Nxd5 Rh4+ 33. Kg3 Rh3+ 34. Kf4 Bb5 35. c4 Bxc4 36. Nxb6+ axb6 37. a7 Kd7 38. Rg1 Bd5 39. Rg7+ Ke6 40. Rg3 Rxg3 41. fxg3 Ba8 42. Ke3 Rd7 43. Ra6 Rb7 44. Kd3 Kd5 45. Ra4 Rg7 46. Ra6 Rxg3+ 47. Kd2 Rb3 0-1

[Event "Madrid San Viator op-A 28th"]
[Site "Madrid"]
[Date "2017.04.02"]
[Round "2"]
[White "Elissalt Cardenas, Hector"]
[Black "Rosa Ramirez, Victor Diego"]
[Result "1/2-1/2"]
[WhiteElo "2382"]
[BlackElo "1945"]
[PlyCount "89"]
[EventDate "2017.03.26"]
[EventType "swiss"]
[EventRounds "9"]
[EventCountry "ESP"]
[SourceTitle "EXT 2018"]
[Source "ChessBase"]
[SourceDate "2017.10.13"]
[SourceVersion "1"]
[SourceVersionDate "2017.10.13"]
[SourceQuality "1"]

1. Nf3 d5 2. b3 Nf6 3. Bb2 Nc6 4. e3 Bg4 5. h3 Bh5 6. g4 Bg6 7. Bb5 Be4 8. d3 Bxf3 9. Bxc6+ bxc6 10. Qxf3 e6 11. Nd2 h6 12. h4 Nd7 13. 0-0-0 e5 14. d4 e4 15. Qe2 Bb4 16. c3 Bd6 17. Qa6 0-0 18. Qxc6 Nb6 19. c4 Bb4 20. c5 Bxd2+ 21. Rxd2 Rc8 22. Rc2 Na8 23. Bc3 Re8 24. Ba5 Rb8 25. Qa6 Re6 26. Qe2 g6 27. Kb2 Qe8 28. Ka1 Rb5 29. b4 c6 30. g5 h5 31. a4 Rb7 32. Rb1 f6 33. Rg1 f5 34. Rb1 f4 35. b5 cxb5 36. axb5 fxe3 37. fxe3 Rf7 38. c6 Nc7 39. Rc5 Qf8 40. Bxc7 Rxc7 41. Rxd5 Qa3+ 42. Qa2 Qc3+ 43. Rb2 Qe1+ 44. Qb1 Qa5+ 45. Ra2 1/2-1/2

[Event "Madrid-ch sf"]
[Site "Madrid"]
[Date "2017.03.31"]
[Round "5"]
[White "Rosa Ramirez, Victor Diego"]
[Black "Jimenez Gonzalez, Marcos"]
[Result "1-0"]
[WhiteElo "1945"]
[BlackElo "1829"]
[PlyCount "79"]
[EventDate "2017.03.27"]
[EventType "swiss"]
[EventRounds "9"]
[EventCountry "ESP"]
[SourceTitle "CBM 177 Extra"]
[Source "ChessBase"]
[SourceDate "2017.04.27"]
[SourceVersion "1"]
[SourceVersionDate "2017.04.27"]
[SourceQuality "1"]

1. e4 e6 2. d4 d5 3. e5 c5 4. c3 Qb6 5. Nf3 Nc6 6. a3 cxd4 7. cxd4 Nh6 8. b4 Nf5 9. Be3 Bd7 10. Bd3 Rc8 11. 0-0 Be7 12. Nbd2 h6 13. Rc1 0-0 14. Nb3 f6 15. Nc5 Bxc5 16. dxc5 Qd8 17. Bxf5 exf5 18. Qxd5+ Kh8 19. e6 Be8 20. Qxf5 Ne7 21. Qh3 Qd3 22. Bf4 Bc6 23. Bd6 Rfe8 24. Ng5 Qg6 25. Nf7+ Kg8 26. Qg3 Qh5 27. Bxe7 Rxe7 28. Nd6 Rf8 29. Rfe1 f5 30. Re5 Rf6 31. f3 Rexe6 32. Rxe6 Rxe6 33. Qf4 Qg6 34. Qxf5 Rxd6 35. Qc8+ Kh7 36. cxd6 Bxf3 37. Qc2 Be4 38. Qd2 Bd3 39. Rd1 Bc2 40. d7 1-0

[Event "Madrid-ch sf"]
[Site "Madrid"]
[Date "2017.03.30"]
[Round "4"]
[White "Cabanas Bravo, Juan Andres"]
[Black "Rosa Ramirez, Victor Diego"]
[Result "1-0"]
[WhiteElo "2005"]
[BlackElo "1945"]
[PlyCount "141"]
[EventDate "2017.03.27"]
[EventType "swiss"]
[EventRounds "9"]
[EventCountry "ESP"]
[SourceTitle "CBM 177 Extra"]
[Source "ChessBase"]
[SourceDate "2017.04.27"]
[SourceVersion "1"]
[SourceVersionDate "2017.04.27"]
[SourceQuality "1"]

1. e4 c6 2. d4 d5 3. Nc3 dxe4 4. Nxe4 Bf5 5. Ng3 Bg6 6. Bc4 e6 7. N1e2 Bd6 8. 0-0 Qc7 9. f4 Nd7 10. f5 exf5 11. Nxf5 Bxh2+ 12. Kh1 0-0-0 13. Qe1 Bd6 14. Nxd6+ Qxd6 15. Qa5 Nb6 16. Bxf7 Bxf7 17. Rxf7 Qd5 18. Qxd5 Nxd5 19. Rxg7 Nge7 20. c4 Nf5 21. Rg5 Nde7 22. b3 h6 23. Rh5 Rhg8 24. Bb2 Rg4 25. Kh2 Rdg8 26. Rg1 R8g5 27. Rh3 Rg6 28. Bc1 Nxd4 29. Nxd4 Rxd4 30. Bxh6 Nf5 31. Bc1 Rdg4 32. g3 Rg8 33. Bf4 Nd4 34. Rf1 Ne6 35. Rh4 R4g6 36. Bd6 b6 37. b4 c5 38. bxc5 Nxc5 39. Rf8+ Rxf8 40. Bxf8 Ne6 41. Bb4 a5 42. Bd2 Kd7 43. Be3 Kc6 44. Kg2 b5 45. cxb5+ Kxb5 46. a4+ Ka6 47. g4 Kb7 48. Kf3 Nc7 49. Rh5 Ka6 50. Rh6 Rxh6 51. Bxh6 Ne6 52. Be3 Kb7 53. Ke4 Kc6 54. Ke5 Kd7 55. Bb6 Nf8 56. Bxa5 Ng6+ 57. Kf6 Ne7 58. Kf7 Nc6 59. Bc3 Nd8+ 60. Kf6 Ne6 61. a5 Nc5 62. Bd4 Ne4+ 63. Ke5 Nd6 64. Kd5 Nf7 65. a6 Kc7 66. Ke6 Ng5+ 67. Kd5 Nh7 68. Ke5 Ng5 69. Kf5 Nf3 70. Bf2 Nh2 71. Bg3+ 1-0

[Event "Madrid-ch sf"]
[Site "Madrid"]
[Date "2017.03.29"]
[Round "3"]
[White "Rosa Ramirez, Victor Diego"]
[Black "Madina Yadarola, Martin"]
[Result "0-1"]
[WhiteElo "1945"]
[BlackElo "2243"]
[PlyCount "58"]
[EventDate "2017.03.27"]
[EventType "swiss"]
[EventRounds "9"]
[EventCountry "ESP"]
[SourceTitle "CBM 177 Extra"]
[Source "ChessBase"]
[SourceDate "2017.04.27"]
[SourceVersion "1"]
[SourceVersionDate "2017.04.27"]
[SourceQuality "1"]

1. e4 c6 2. Nc3 g6 3. d4 Bg7 4. Nf3 d6 5. h3 Nf6 6. Bd3 Qc7 7. Bf4 Nh5 8. Be3 e5 9. Qd2 Nd7 10. Ne2 0-0 11. g4 Nhf6 12. Ng3 d5 13. dxe5 Nxe5 14. Nxe5 Qxe5 15. f4 Qxb2 16. 0-0 Nxe4 17. Bxe4 dxe4 18. Nxe4 Qa3 19. Bc5 Qxh3 20. Bxf8 Qxg4+ 21. Kh1 Bf5 22. Qb4 Qh4+ 23. Kg1 Bxe4 24. Qxe4 Bxa1 25. Rxa1 Rxf8 26. Rb1 Rd8 27. Qf3 b6 28. f5 Qg5+ 29. Kf1 Rd5 0-1

[Event "Madrid-ch Previa-A"]
[Site "Madrid"]
[Date "2017.02.22"]
[Round "9"]
[White "Rosa Ramirez, Victor Diego"]
[Black "Serrano Garcia, Vicente"]
[Result "1/2-1/2"]
[WhiteElo "1902"]
[BlackElo "1822"]
[PlyCount "27"]
[EventDate "2017.02.06"]
[EventType "swiss"]
[EventRounds "9"]
[EventCountry "ESP"]
[SourceTitle "CBM 177 Extra"]
[Source "ChessBase"]
[SourceDate "2017.04.27"]
[SourceVersion "1"]
[SourceVersionDate "2017.04.27"]
[SourceQuality "1"]

1. e4 e5 2. Nf3 Nc6 3. Bc4 Bc5 4. 0-0 d6 5. c3 Nf6 6. d3 h6 7. b4 Bb6 8. a4 a6 9. h3 Qe7 10. Nbd2 Be6 11. Ba3 0-0 12. Bxe6 Qxe6 13. Nc4 Ba7 14. Ne3 1/2-1/2

[Event "Madrid San Viator op-A 27th"]
[Site "Madrid"]
[Date "2016.11.13"]
[Round "8"]
[White "Rosa Ramirez, Victor Diego"]
[Black "Aguilera Lopez, Alejandro"]
[Result "1/2-1/2"]
[WhiteElo "1903"]
[BlackElo "2113"]
[PlyCount "127"]
[EventDate "2016.09.25"]
[EventType "swiss"]
[EventRounds "9"]
[EventCountry "ESP"]
[SourceTitle "EXT 2019"]
[Source "ChessBase"]
[SourceDate "2018.10.10"]
[SourceVersion "1"]
[SourceVersionDate "2018.10.10"]
[SourceQuality "1"]

1. e4 c5 2. Nf3 e6 3. d4 cxd4 4. Nxd4 Nf6 5. Nc3 Nc6 6. Ndb5 Bb4 7. Nd6+ Ke7 8. Bf4 e5 9. Nf5+ Kf8 10. Bd2 d5 11. exd5 Bxf5 12. dxc6 bxc6 13. a3 Ba5 14. Bc4 Qd4 15. Qe2 Rd8 16. 0-0-0 Qg4 17. f3 Qg6 18. Qxe5 Bb6 19. Na4 Bxc2 20. Bb4+ Kg8 21. Rxd8+ Bxd8 22. Qd6 h6 23. Qxd8+ Kh7 24. Qd2 Bb1 25. Nc3 Rd8 26. Bxf7 Qf5 27. Be6 Qg6 28. Qf2 Bd3 29. g4 Nd5 30. Bf5 Bxf5 31. gxf5 Qg5+ 32. Kb1 Nxb4 33. axb4 Rd2 34. Qg3 Qxf5+ 35. Ne4 Rd3 36. Rg1 Rd7 37. Qg4 Qf7 38. Qh3 Qd5 39. Qg4 Qd3+ 40. Ka2 Qa6+ 41. Kb1 Qd3+ 42. Ka2 Qa6+ 43. Kb3 Qd3+ 44. Nc3 Re7 45. Rg2 g6 46. h4 h5 47. Qg5 Rf7 48. f4 Qd6 49. Qe5 Qf8 50. Qe4 Rf5 51. Rg5 Qf7+ 52. Ka3 Rxf4 53. Qd3 Rxh4 54. Qg3 Rf4 55. Qd3 Kh6 56. Rc5 Rf1 57. b3 Qf6 58. Qe3+ Kh7 59. Re5 Rf3 60. Re7+ Kg8 61. Re8+ Kf7 62. Re7+ Kf8 63. Re8+ Kf7 64. Re7+ 1/2-1/2

[Event "Madrid San Viator op-A 27th"]
[Site "Madrid"]
[Date "2016.10.16"]
[Round "5"]
[White "Sanchez Gomez, Emiliano"]
[Black "Rosa Ramirez, Victor Diego"]
[Result "0-1"]
[WhiteElo "1745"]
[BlackElo "1903"]
[PlyCount "42"]
[EventDate "2016.09.25"]
[EventType "swiss"]
[EventRounds "9"]
[EventCountry "ESP"]
[SourceTitle "EXT 2017"]
[Source "ChessBase"]
[SourceDate "2016.10.25"]
[SourceVersion "1"]
[SourceVersionDate "2016.10.25"]
[SourceQuality "1"]

1. e4 e6 2. d4 d5 3. e5 c5 4. c3 Qb6 5. Nf3 Nc6 6. Bd3 cxd4 7. cxd4 Bd7 8. 0-0 Nxd4 9. Nxd4 Qxd4 10. Nc3 a6 11. Qe2 Ne7 12. Kh1 Nc6 13. f4 Bc5 14. Bd2 Nb4 15. Bb1 Rc8 16. a3 Nc6 17. Bd3 Ba7 18. Rf3 Qb6 19. b4 Nd4 20. Qd1 Nxf3 21. Qxf3 Qf2 0-1

[Event "Madrid San Viator op-A 26th"]
[Site "Madrid"]
[Date "2016.04.24"]
[Round "4"]
[White "Rosa Ramirez, Victor Diego"]
[Black "Martin Lozano, Miguel Angel"]
[Result "1-0"]
[WhiteElo "1972"]
[BlackElo "1777"]
[PlyCount "83"]
[EventDate "2016.04.03"]
[EventType "swiss"]
[EventRounds "9"]
[EventCountry "ESP"]
[SourceTitle "EXT 2017"]
[Source "ChessBase"]
[SourceDate "2016.10.25"]
[SourceVersion "1"]
[SourceVersionDate "2016.10.25"]
[SourceQuality "1"]

1. e4 e6 2. d4 d5 3. e5 c5 4. c3 Nc6 5. Be3 cxd4 6. cxd4 Nh6 7. a3 Nf5 8. Nf3 Be7 9. Bd3 0-0 10. 0-0 Qb6 11. b4 Bd7 12. Nc3 Nxe3 13. fxe3 f6 14. exf6 gxf6 15. Rc1 f5 16. b5 Na5 17. Ne5 Qd8 18. Rf3 Be8 19. Rg3+ Kh8 20. Qf3 Bxa3 21. Rf1 Bd6 22. Qf4 Qc7 23. Qh6 Qe7 24. Ng6+ Bxg6 25. Rxg6 Bb4 26. Ne2 Rg8 27. Rxe6 Qg5 28. Qxg5 Rxg5 29. Rxf5 Rag8 30. Ng3 Be1 31. Rf7 R5g7 32. Rxg7 Rxg7 33. Nh5 Rg8 34. Re7 Rf8 35. Rxh7+ Kg8 36. Nf4 Nb3 37. Rxb7 Rxf4 38. exf4 Nxd4 39. Rxa7 Bd2 40. g3 Be3+ 41. Kg2 Nxb5 42. Ra8+ 1-0

[Event "Madrid San Viator op-A 26th"]
[Site "Madrid"]
[Date "2016.04.03"]
[Round "1"]
[White "Flores Vidal, Pablo"]
[Black "Rosa Ramirez, Victor Diego"]
[Result "1-0"]
[WhiteElo "1746"]
[BlackElo "1972"]
[PlyCount "97"]
[EventDate "2016.04.03"]
[EventType "swiss"]
[EventRounds "9"]
[EventCountry "ESP"]
[SourceTitle "EXT 2017"]
[Source "ChessBase"]
[SourceDate "2016.10.25"]
[SourceVersion "1"]
[SourceVersionDate "2016.10.25"]
[SourceQuality "1"]

1. d4 Nf6 2. c4 e5 3. dxe5 Ng4 4. Nf3 Nc6 5. Bf4 Bb4+ 6. Nc3 f6 7. Qd5 fxe5 8. Nxe5 Bxc3+ 9. bxc3 Qf6 10. Nxg4 Qxc3+ 11. Kd1 Qxa1+ 12. Kd2 Qxa2+ 13. Ke3 Qa3+ 14. Ke4 Qe7+ 15. Kf3 d6 16. e3 Qe6 17. h3 0-0 18. Kg3 Ne7 19. Qg5 Nf5+ 20. Kh2 Qg6 21. Qxg6 hxg6 22. c5 Be6 23. Bd3 a5 24. cxd6 cxd6 25. e4 Nh6 26. Bxd6 Nxg4+ 27. hxg4 Rxf2 28. e5 Bd5 29. Bxg6 Rxg2+ 30. Kh3 Rxg4 31. Bf7+ Bxf7 32. Kxg4 Be6+ 33. Kf4 b5 34. Ra1 Ra7 35. Ke4 g6 36. Kd4 Kf7 37. Rf1+ Bf5 38. Kd5 b4 39. e6+ Kg8 40. Rh1 Rh7 41. Rc1 Bxe6+ 42. Kxe6 Rb7 43. Be5 g5 44. Rc8+ Kh7 45. Kf5 Kh6 46. Bf6 Rb5+ 47. Be5 Rb7 48. Rc1 Kh7 49. Rh1+ 1-0

[Event "Madrid-ch sf-A"]
[Site "Madrid"]
[Date "2016.03.29"]
[Round "8"]
[White "Rosa Ramirez, Victor Diego"]
[Black "Marcos Herrero, Francisco"]
[Result "1/2-1/2"]
[WhiteElo "1971"]
[BlackElo "1963"]
[PlyCount "121"]
[EventDate "2016.03.07"]
[EventType "swiss"]
[EventRounds "9"]
[EventCountry "ESP"]
[SourceTitle "EXT 2017"]
[Source "ChessBase"]
[SourceDate "2016.10.25"]
[SourceVersion "1"]
[SourceVersionDate "2016.10.25"]
[SourceQuality "1"]

1. e4 c5 2. c3 g6 3. d4 cxd4 4. cxd4 d5 5. e5 Bg7 6. Nf3 Nc6 7. Nc3 Nh6 8. Be2 0-0 9. 0-0 f6 10. exf6 exf6 11. b3 Re8 12. Be3 Nf5 13. Nxd5 Be6 14. Nf4 Bf7 15. d5 Nb4 16. Ne6 Nxe3 17. fxe3 Qb6 18. Qd4 Nxd5 19. Qxb6 axb6 20. Nxg7 Kxg7 21. Bc4 Nxe3 22. Bxf7 Kxf7 23. Rf2 Re7 24. Nd4 Rd8 25. Nb5 Red7 26. Re2 Ng4 27. Rae1 Ne5 28. h3 Rd2 29. Nc3 h5 30. Ne4 Rxe2 31. Rxe2 Rd1+ 32. Kf2 Ke6 33. Nc3 Rd3 34. Nb5 Kf5 35. Nc7 Rd7 36. Nb5 h4 37. Rc2 g5 38. Na3 Kf4 39. Nc4 Nd3+ 40. Ke2 Nb4 41. Rc1 Re7+ 42. Kf1 f5 43. Nxb6 Re4 44. a3 Nd3 45. Rc4 Ke3 46. Kg1 Kd2 47. Rxe4 fxe4 48. Kf1 Kc2 49. b4 Kb3 50. Nd5 Kxa3 51. b5 Nf4 52. Nf6 e3 53. Nh7 e2+ 54. Ke1 Nxg2+ 55. Kxe2 Nf4+ 56. Kf3 Nxh3 57. Kg4 Nf2+ 58. Kf3 Nd1 59. Nxg5 Nc3 60. b6 Nd5 61. Nf7 1/2-1/2

[Event "Madrid-ch sf-A"]
[Site "Madrid"]
[Date "2016.03.16"]
[Round "6"]
[White "Rosa Ramirez, Victor Diego"]
[Black "Garcia Gutierrez, Jose"]
[Result "1-0"]
[WhiteElo "1971"]
[BlackElo "1947"]
[PlyCount "73"]
[EventDate "2016.03.07"]
[EventType "swiss"]
[EventRounds "9"]
[EventCountry "ESP"]
[SourceTitle "EXT 2017"]
[Source "ChessBase"]
[SourceDate "2016.10.25"]
[SourceVersion "1"]
[SourceVersionDate "2016.10.25"]
[SourceQuality "1"]

1. e4 e6 2. d4 d5 3. e5 c5 4. c3 Nc6 5. Nf3 Bd7 6. dxc5 Qc7 7. Bf4 Bxc5 8. b4 Be7 9. Bd3 h6 10. Bg3 g5 11. h3 0-0-0 12. Nbd2 f5 13. exf6 Bd6 14. Bxd6 Qxd6 15. f7 Nge7 16. Qe2 Rdf8 17. b5 Nd8 18. Ne5 Nxf7 19. Ndf3 Nxe5 20. Nxe5 Be8 21. 0-0 h5 22. c4 Kb8 23. Rac1 Nf5 24. c5 Qc7 25. Qb2 d4 26. Rfe1 g4 27. b6 Qg7 28. bxa7+ Ka8 29. Nc4 Kxa7 30. Qa3+ Kb8 31. Nb6 Bc6 32. Be4 Ne7 33. Bxc6 Nxc6 34. Rxe6 gxh3 35. Qa8+ Kc7 36. Nd5+ Kd7 37. Rd6# 1-0